Moderna Inghilterra (Record no. 159255)

MARC details
000 -LEADER
campo de control de longitud fija 00626nam a22001935i 4500
001 - NÚMERO DE CONTROL
campo de control 159255
003 - IDENTIFICADOR DE NÚMERO DE CONTROL
campo de control ES-MaACL
005 - FECHA Y HORA DE LA ÚLTIMA TRANSACCIÓN
campo de control 20230906211519.0
008 - DATOS DE LONGITUD FIJA--INFORMACIÓN GENERAL
campo de control de longitud fija 990708s1888 it |||| | ita d
040 ## - FUENTE DE CATALOGACIÓN
Centro catalogador/agencia de origen CCPB | B
Lengua de catalogación spa
Centro/agencia transcriptor CCPB | B
100 1# - ENTRADA PRINCIPAL--NOMBRE DE PERSONA
Nombre de persona Meale, G.
9 (RLIN) 129778
245 10 - MENCIÓN DEL TÍTULO
Título Moderna Inghilterra
Resto del título : educazione alla vita politica /
Mención de responsabilidad, etc. G. Meale.
260 ## - PUBLICACIÓN, DISTRIBUCIÓN, ETC.
Lugar de publicación, distribución, etc. Roma [etc.] :
Nombre del editor, distribuidor, etc. Fratelli Bocca editori,
Fecha de publicación, distribución, etc. 1888.
300 ## - DESCRIPCIÓN FÍSICA
Extensión LXXII, 446 p. ;
Dimensiones 24 cm.
651 #4 - PUNTO DE ACCESO ADICIONAL DE MATERIA--NOMBRE GEOGRÁFICO
Nombre geográfico Gran Bretaña-
Subdivisión general Política y gobierno-
Subdivisión cronológica S. \RXIX\R.
9 (RLIN) 234128
752 ## - ENTRADA AGREGADA--NOMBRE JERÁRQUICO DEL LUGAR
País o entidad superior Italia -
Ciudad Roma
852 ## - LOCALIZACIÓN
Ubicación ES-MaACL
Número de control de estantería F-6994
Nota libre -- Enc. pasta
Holdings
Estatus retirado Estado de pérdida Estado de daño No para préstamo Colección Biblioteca de origen Biblioteca actual Ubicación en estantería Fecha de adquisición Fuente de adquisición Total de préstamos Signatura topográfica completa Código de barras Visto por última vez Precio de reemplazo Tipo de ítem Koha
        Libros del s. XIX Biblioteca del Ateneo de Madrid Biblioteca del Ateneo de Madrid Depósito 2 17/01/2008     F-6994 1166714 23/02/2023 23/02/2023 Libro impreso antiguo